Loading...
Enzymes Biotechnology
| Main Author: | |
|---|---|
| Other Authors: | |
| Format: | Printed Book |
| Published: |
New Delhi
CBS Publishers & Distributors Pvt Ltd
2012
|
| LEADER | 00480nam a22001457a 4500 | ||
|---|---|---|---|
| 020 | |a 9788123918297 | ||
| 082 | |a 660.634 |b GRA/EN | ||
| 100 | |a Gray,N | ||
| 245 | |a Enzymes Biotechnology | ||
| 260 | |a New Delhi |b CBS Publishers & Distributors Pvt Ltd |c 2012 | ||
| 300 | |a 586p. | ||
| 700 | |a Calvin,M and Bhatia, SC | ||
| 942 | |c BK | ||
| 999 | |c 18344 |d 18344 | ||
| 952 | |0 0 |1 0 |4 0 |6 660_634000000000000_GRA_EN |7 0 |8 NFIC |9 27894 |a KUFOS |b KUFOS |c GEN |d 2017-04-12 |o 660.634 GRA/EN |p 18603 |r 2017-04-12 |w 2017-04-12 |y BK | ||